Central Library OPAC University of Rajshahi

The production and Utilization of doubled haploids in Barley breeding / (Record no. 80800)

MARC details
000 -LEADER
fixed length control field 00937nam a22002537a 4500
001 - CONTROL NUMBER
RUCL Control Number 80800
003 - CONTROL NUMBER IDENTIFIER
rucl marc code BD-RjUL
005 - DATE AND TIME OF LATEST TRANSACTION
control field 20230607101115.0
008 - FIXED-LENGTH DATA ELEMENTS--GENERAL INFORMATION
fixed length control field 221117s1996 bg a|||| m||| 00| 0 eng d
035 ## - SYSTEM CONTROL NUMBER
system control number (BD-RjUL)80800
040 ## - CATALOGING SOURCE
Original cataloging agency BD-RjUL
Language of cataloging eng
Transcribing agency BD-RjUL
Modifying agency BD-RjUL
041 ## - LANGUAGE CODE
Language code of Book eng
082 ## - DEWEY DECIMAL CLASSIFICATION NUMBER
DDC Edition number 23
Classification number 571.845
Author mark and Year HAP 1996
100 ## - MAIN ENTRY--PERSONAL NAME
Personal name Hakim, Md. Lokman
9 (RLIN) 5895
245 10 - TITLE STATEMENT
Title The production and Utilization of doubled haploids in Barley breeding /
Statement of responsibility, etc By Md. Lokman Hakim ;
Name of Supervisor/Co-Supervisor Supervisor : O. I. Joarder, Co-Supervisor : A. J. Miah
260 ## - PUBLICATION, DISTRIBUTION, ETC. (IMPRINT)
Place of publication, distribution, etc Rajshahi :
Name of publisher, distributor, etc Department of Botany, University of Rajshahi,
Date of publication, distribution, etc 1996
300 ## - PHYSICAL DESCRIPTION
Pagination xix, 194 leaves :
Other physical details ill, ;
Dimensions 29.cm.
502 ## - DISSERTATION NOTE
Dissertation note Thesis (Ph. D.) -- Department of Botany, University of Rajshahi, 1996
504 ## - BIBLIOGRAPHY, ETC. NOTE
Bibliography, etc Bibliography : Leaves 162 - 194
650 ## - SUBJECT ADDED ENTRY--TOPICAL TERM
Topical term or geographic name as entry element Haploid
9 (RLIN) 5896
700 ## - ADDED ENTRY--SUPERVISOR/CO-SUPERVISOR NAME
Personal name Joarder, O. I. Supervisor
9 (RLIN) 5586
Personal name Miah, A. J. Co-Supervisor
9 (RLIN) 5897
942 ## - ADDED ENTRY ELEMENTS (KOHA)
Source of classification or shelving scheme Dewey Decimal Classification
Koha item type Theses
Holdings
Source of classification or shelving scheme Damaged status Not for loan Collection code Permanent Location Current Location Shelving location Date of accession Source of acquisition Total Checkouts Full call number Barcode Date last seen Copy number Thesis
Dewey Decimal Classification   Not For Loan Theses Central Library, University of Rajshahi Central Library, University of Rajshahi Documentation Section 13/11/1997 Controller of Exam. R.U.   THE 571.845 HAP 1996 D1874 17/11/2022 C-1 Theses